01186nas a2200289Ia 4500001001600000003001000016008004100026040002500067041001300092100002100105210001500126222001500141240010900156245010900265250001100374260000900385501012300394300001600517362003100533500006100564650002600625700002100651942000700672957000600679999003300685952017800718A50/R188-34128 IT-MiCISF161014c99999999xx |||||||||||| ||und|| aIT-MiCISFcIT-MiCISF aFRANCESE aCharton Laurence aPopulation aPopulation aLa première mise en couple en Suisse: choix du type d'union et devenir de la cohabitation hors mariage 0aLa première mise en couple en Suisse: choix du type d'union et devenir de la cohabitation hors mariage a1a ed. c2001 bCISF - Centro Internazionale Studi Famiglia - Via Giotto, 36 20145 MILANO (non commercial uses only)cCopyright 2016 app. 539-566 an. 4, luglio-agosto [2001] a Tema: popolazione, nuzialità, fecondità, convivenza apopolazionevarticolo a Wanner Philippe cCR 71 a34128bSig1c241204d241204 0010406A_50_000000000000000_R1883412871aCISFbCISFd2016-10-14l0oA50/R188-34128 r2016-10-14 00:00:00w2016-10-14yCRzData import 15.10.2016 / by Epidotti, Vaglietti